Central Library OPAC University of Rajshahi
Normal view MARC view

Entry Personal Name

Number of records used in: 2

001 - CONTROL NUMBER

  • control field: 16705

003 - CONTROL NUMBER IDENTIFIER

  • control field: BD-RjUL

005 - DATE AND TIME OF LATEST TRANSACTION

  • control field: 20250828153042.0

008 - FIXED-LENGTH DATA ELEMENTS

  • fixed length control field: 250828|| aca||aabn | a|a d

040 ## - CATALOGING SOURCE

  • Original cataloging agency: BD-RjUL
  • Transcribing agency: BD-RjUL

100 ## - HEADING--PERSONAL NAME

  • Personal name: McCurdy, David W.

670 ## - SOURCE DATA FOUND

  • Source citation: Work cat.: (BD-RjUL)85596: Spradley, James P., comp. 16702, The cultural experience :, c1972.